书目信息 |
| 题名: |
门德列也夫周期律在现代科学中的作用
|
|
| 作者: | 费尔斯曼 著 ;滕砥平 , 工克 译 | |
| 分册: | ||
| 出版信息: | 北京 中国青年出版社 1959.11 |
|
| 页数: | 67页 | |
| 开本: | 20cm | |
| 丛书名: | ||
| 单 册: | ||
| 中图分类: | O6-64 | |
| 科图分类: | ||
| 主题词: | 化学 | |
| 电子资源: | ||
| ISBN: | ||
| 000 | 00711nam0 2200217 450 | |
| 001 | 0631805875 | |
| 005 | 20060819085310.48 | |
| 010 | @dCNY0.24 | |
| 100 | @a20060819d1959 km y0chiy0120 ea | |
| 101 | 0 | @achi@crus |
| 102 | @aCN@b110000 | |
| 200 | 1 | @a门德列也夫周期律在现代科学中的作用@Amen de lie ye fu zhou qi lu zai xian dai ke xue zhong de zuo yong@f(苏)费尔斯曼著@F(su)fei er si man zhu@g滕砥平,工克译@Gteng di ping,gong ke yi |
| 210 | @a北京@c中国青年出版社@d1959.11 | |
| 215 | @a67页@d20cm | |
| 606 | 0 | @a化学 |
| 690 | @aO6-64@v3 | |
| 701 | 0 | @a费尔斯曼@Afei er si man@4著 |
| 702 | 0 | @a滕砥平@Ateng di ping@4译 |
| 702 | 0 | @a工克@Agong ke@4译 |
| 801 | 0 | @aCN@bPFT@c20060819 |
| 905 | @a10447@dO6-64@e349 | |
| 门德列也夫周期律在现代科学中的作用/(苏)费尔斯曼著/滕砥平,工克译.-北京:中国青年出版社,1959.11 |
| 67页;20cm |
| ISBN :CNY0.24 |
| ● |
| 相关链接 |
|
|
|
|
正题名:门德列也夫周期律在现代科学中的作用
索取号:O6-64/349
 
预约/预借
| 序号 | 登录号 | 条形码 | 馆藏地/架位号 | 状态 | 备注 |
| 1 | 0468823 | 204688230 | 密集书库/ [索取号:O6-64/349] | 在馆 |